Responses for Show #862 - Tuesday, May 10, 1988

1988 Senior Tournament quarterfinal game 2.

Contestants

[<< previous game]

Joan Smith, a gift shop owner from Eufaula, Oklahoma

Peggy Kennedy, a forensic toxicologist from Menands, New York

Charmion Burns, a student from Manhattan Beach, California

[next game >>]

Jeopardy! Round responses

BOTANY
THE LIBERTY BELL
WOMEN IN THE NEWS
ADVERTISING NOSTALGIA
WORD ORIGINS
DOLLS
    $100 1
Easter lily

Charmion
    $100 25
Pennsylvania

Joan
    $100 20
Joan Collins

Peggy
    $100 6
flamingo

Charmion
    $100 11
soldiers

Charmion
    $200 2
morning

Peggy
    $900 26
(Alex: "The Liberty Bell March". You got it, yes.)

John Philip Sousa

Joan
    $200 21
Amy Carter

Joan
    $200 19
dirt

Peggy
    $200 7
pagan

Peggy
    $200 12
kachinas

Joan
    $300 3
Jamestown

Joan
    $300 27
[The end of the round signal sounds.]

The Bible

Triple Stumper
    $300 22
Barbara Walters

Joan
    $300 18
Jolly Green Giant

Charmion
    $300 8
shark

Joan
    $300 13
papyrus

Charmion
    $400 4
trees

Peggy
    $400 23
(Alex: We've got a minute to go.)

Lisa Bonet

Triple Stumper
    $400 17
(Alex: [*] tastes good like a cigarette should.)

Winston

Peggy
    $400 9
galaxy

Charmion
    $400 14
wings

Charmion
    $500 5
(Charmion: What is [**]?)
(Joan: What is [*]?)
[Charmion's response was ruled incorrect and the decision was reversed in the next segment.]

*sugar (**anthocyanin)

CharmionJoan
    $500 24
Svetlana Alliluyeva (Stalin)

Peggy
    $500 16
Alka-Seltzer

Triple Stumper
    $500 10
(Charmion: What is proposal?)
(Alex: Be more specific.)

proposal & proposition

Charmion
    $500 15
Bye-Lo Baby

Triple Stumper

Scores at the first commercial break (after clue 15):

Charmion Peggy Joan
$2,400 $800 $1,300

Scores at the end of the Jeopardy! Round:

Charmion Peggy Joan
$2,700 $2,000 $2,800

Double Jeopardy! Round responses

LITERARY CHARACTERS
INTERNATIONAL ORGANIZATIONS
KING TUT
SOUTH CAROLINA
MOVIE MUSICALS
ANAGRAMS
    $200 1
(Joan: Who is the Hunchback of Notre Dame?)
(Alex: No, sorry.)
[Charmion rings in.]
(Alex: Let me interrupt for a moment and clarify something. We are going for the names of characters.)

Quasimodo

Joan
    $200 19
nonaligned

Peggy
    $200 6
Tutankhamun

Peggy
    $200 28
[The end of the round sound signals.]

(state) mottoes

Peggy
    $200 17
(Alex: [Seeing Charmion ring in] Nat. Charmion.)
[Charmion was credited with the correct response and the decision was reversed prior to the reveal of the Final Jeopardy! clue leading to the clue being thrown out.]

Natalie Wood

Triple Stumper
    $200 9
toot (from Otto)

Joan
    $400 2
Tom Jones

Peggy
    $400 20
Amnesty International

Peggy
    $400 7
14th

Joan
    $400 18
Jean Harlow

Peggy
    $400 12
yak (from Kay)

Peggy
    $600 3
Minnehaha

Peggy
    $600 21
INTERPOL

Peggy
    $600 8
head

Charmion
    $600 14
Dorothy & Toto

Charmion
    $600 13
aliens (from Selina)

Charmion
    $800 4
Helen (of Troy)

Joan
    $800 22
World Wildlife Fund

Charmion
    $800 10
Valley of the Kings

Joan
    $800 27
[Alex added "California" when giving the correct response and had to add that correction along with the score adjustment prior to the reveal of the Final Jeopardy! clue.]

Myrtle Beach

Triple Stumper
    $2,500 15
George Murphy & Ronald Reagan

Charmion
    $800 23
sorbet (from Osbert)

Charmion
    $1000 5
Trilby

Joan
    $1,000 25
(Alex: [after Peggy says nothing] Hurry, Peggy.)
(Peggy: I don't know.)
...
(Alex: We've got less than a minute to go.)

Red Cross

Peggy
    $1000 11
(Joan: Who is [*]?)
(Alex: Say it again.)
...
(Alex: Sorry, my hearing is going too.)

(Howard) Carter

Joan
    $1000 26
Melvin Purvis

Triple Stumper
    $1000 16
Vivian Blaine

Joan
    $1000 24
(Alex: The anagrams in that column all were anagrams of the person's name.)

ringlets (from Sterling)

Peggy

Scores at the end of the Double Jeopardy! Round:

Charmion Peggy Joan
$8,600 $5,400 $8,200

Final Jeopardy! Round responses

FAMOUS ATHLETES
PeggyWho was Sonya Henie
$5,400
JoanWho is Peggy Fleming
$1,800
CharmionWho was Dorothy Hamill?
$600
Sonja Henie

Final scores:

Charmion Peggy Joan
$8,000 $10,800 $6,400
2nd place: $1,000 if eliminated Automatic semifinalist 3rd place: $1,000 if eliminated

Game dynamics:

Coryat scores:

Charmion Peggy Joan
$6,900 $6,400 $7,500
15 R
(including 1 DD),
0 W
17 R,
1 W
(including 1 DD)
16 R
(including 1 DD),
0 W

Combined Coryat: $20,800

[game clues] [game scores] [suggest correction]

Game tape date: 1988-03-01
The J! Archive is created by fans, for fans. Scraping, republication, monetization, and malicious use prohibited; this site may use cookies and collect identifying information. See terms. The Jeopardy! game show and all elements thereof, including but not limited to copyright and trademark thereto, are the property of Jeopardy Productions, Inc. and are protected under law. This website is not affiliated with, sponsored by, or operated by Jeopardy Productions, Inc. Join the discussion at JBoard.tv.